00723nam a2200157Ia 4500008004100000020001600041050001600057100002400073245006000097260006800157300001800225500003000243505024100273650001800514650003300532120626s1990 mx 000 0 spa d a9683615511  aRC454 bN54 aNieto, Adelaeautor aLa obra científica de Dionisio Nieto c/ Adela, Nieto aMéxicob: Universidad Nacional Autónoma de Méxicoc, 1990 a242 páginas aIncluye: Indice, Prefacio aNieto visto por colegas y alumnos Relación de la psiquiatría con la filosofía, la antropología y otras corrientes Neuropatología Psicofarmacología Tratamiento de algunas enfermedades neuropsiquiátricas Psicosis  0aPSIQUIATRÍA 0aNIETO, DIONISIOy1908 - 1985